Contabilidad de costes: cuestiones, supuestos prácticos resueltos y propuestos
Guardat en:
| Autor principal: | |
|---|---|
| Format: | Llibre |
| Idioma: | espanyol |
| Publicat: |
Madrid
Prentice Hall
2001
|
| Edició: | 1a. ed |
| Matèries: | |
| Etiquetes: |
Afegir etiqueta
Sense etiquetes, Sigues el primer a etiquetar aquest registre!
|
MARC
| LEADER | 00000nam a2200000 a 4500 | ||
|---|---|---|---|
| 001 | UCJ0320 | ||
| 003 | CL-VaPUC | ||
| 005 | 20241002164004.0 | ||
| 008 | 060714e20010000SP |||||||||||||||||spa|d | ||
| 999 | |c 317185 |d 317183 | ||
| 020 | |a 842053126X | ||
| 040 | |c Pontificia Universidad Católica de Valparaíso | ||
| 082 | 0 | 4 | |a 657.42 |b BLA |2 21 |
| 100 | 0 | |a Blanco Dopico, Isabel |e author |9 500417 | |
| 245 | 1 | 0 | |a Contabilidad de costes: cuestiones, supuestos prácticos resueltos y propuestos |
| 250 | |a 1a. ed | ||
| 260 | |a Madrid |b Prentice Hall |c 2001 | ||
| 300 | |a 329 p | ||
| 583 | |a last modification |c 20130305 03:50:12 |k Rodrigo Vera | ||
| 650 | 0 | |a Contabilidad de costes |9 891891 | |
| 650 | 0 | |a Toma de decisiones |9 257530 | |
| 650 | 0 | |a Costes de producción |9 263894 | |
| 650 | 0 | |a Control presupuestario |9 345693 | |
| 942 | |c BK |2 ddc | ||
| 945 | |d 20060714 00:00:00 |a cmena | ||
| 952 | |0 0 |1 0 |4 0 |6 657_420000000000000_BLA_2001 |7 0 |8 R |9 393183 |a BIBENE |b BIBENE |d 2019-11-22 |i 425354K |l 1 |o 657.42 BLA 2001 |p 425354K |r 2025-03-14 |s 2025-03-14 |w 2019-11-22 |y BK_R |k ICO | ||